Music Quiz

Random Music or Album Quiz

'Red Hot Chili Peppers' Songs Quiz Stats

 Plays Quiz Updated Jun 18, 2016

Score 0/166 Timer 10:00
1 Play Today
Album Song % Correct
CalifornicationCalifornication
88.4%
By the WayBy the Way
84.3%
Blood Sugar Sex MagikUnder the Bridge
81.6%
Stadium ArcadiumDani California
78.3%
Stadium ArcadiumSnow (Hey Oh)
70.9%
CalifornicationScar Tissue
70.8%
Blood Sugar Sex MagikGive It Away
70.6%
By the WayCan't Stop
66.8%
The GetawayThe Getaway
66.6%
CalifornicationOtherside
65.5%
Blood Sugar Sex MagikBlood Sugar Sex Magik
64.3%
CalifornicationAround the World
62.7%
Stadium ArcadiumStadium Arcadium
62.2%
One Hot MinuteAeroplane
60.2%
The GetawayDark Necessities
59.1%
Blood Sugar Sex MagikSuck My Kiss
57.8%
Mother's MilkHigher Ground
55.7%
By the WayThe Zephyr Song
55.6%
CalifornicationParallel Universe
52.5%
One Hot MinuteOne Hot Minute
51.8%
Stadium ArcadiumIf
51.6%
One Hot MinuteMy Friends
51.3%
Blood Sugar Sex MagikBreaking the Girl
50.9%
CalifornicationRoad Trippin'
50.8%
Freaky StyleyFreaky Styley
50%
The GetawayGo Robot
49.2%
By the WayDosed
46.7%
Stadium ArcadiumCharlie
46.7%
By the WayUniversally Speaking
45.7%
I'm With YouThe Adventures of Rain Dance Maggie
45.4%
Blood Sugar Sex MagikSir Psycho Sexy
45.2%
By the WayVenice Queen
45.1%
Stadium ArcadiumHump de Bump
44.7%
Stadium ArcadiumTell Me Baby
44.5%
Stadium ArcadiumWet Sand
44.4%
Blood Sugar Sex MagikThe Power of Equality
42.8%
The GetawaySick Love
42.4%
The GetawayGoodbye Angels
42.4%
Blood Sugar Sex MagikThey're Red Hot
41.9%
Blood Sugar Sex MagikFunky Monks
41.6%
Stadium ArcadiumHey
40.7%
Stadium ArcadiumSlow Cheetah
40.2%
CalifornicationPurple Stain
39.6%
By the WayCabron
39.5%
Stadium ArcadiumShe's Only 18
39.2%
By the WayTear
39%
By the WayThrow Away Your Television
38.8%
Blood Sugar Sex MagikI Could Have Lied
38.6%
The GetawayWe Turn Red
38.4%
CalifornicationPorcelain
38.2%
CalifornicationGet on Top
38.2%
The Red Hot Chili PeppersTrue Men Don't Kill Coyotes
38.1%
I'm With YouMonarchy of Roses
38%
One Hot MinutePea
37.8%
By the WayDon't Forget Me
37.8%
Mother's MilkKnock Me Down
37.7%
Album Song % Correct
One Hot MinuteWarped
37.7%
Blood Sugar Sex MagikIf You Have to Ask
37.5%
Stadium ArcadiumDesecration Smile
37.4%
The GetawayDreams of a Samurai
36.2%
The GetawayDetroit
36%
CalifornicationEmit Remmus
35.9%
CalifornicationEasily
35.9%
Stadium ArcadiumDeath of a Martian
35%
I'm With YouBrendan's Death Song
34.9%
Blood Sugar Sex MagikApache Rose Peacock
34.7%
The GetawayThe Longest Wave
34.5%
The Uplift Mofo Party PlanMe and My Friends
34.5%
The GetawayEncore
34.4%
I'm With YouLook Around
33.9%
CalifornicationThis Velvet Glove
33.8%
CalifornicationI Like Dirt
33.8%
The Uplift Mofo Party PlanFight Like a Brave
33.1%
One Hot MinuteCoffee Shop
32.4%
Stadium ArcadiumEspecially in Michigan
32.3%
CalifornicationRight on Time
32.1%
By the WayThis Is the Place
31.7%
The GetawayThe Hunter
31.4%
The Red Hot Chili PeppersOut In L.A.
30.5%
Blood Sugar Sex MagikNaked in the Rain
30.4%
By the WayMidnight
30.3%
I'm With YouEthiopia
30.2%
Blood Sugar Sex MagikMellowship Slinky in B Major
30.1%
By the WayI Could Die for You
30.1%
By the WayOn Mercury
30%
The GetawayThis Ticonderoga
29.6%
The GetawayFeasting on the Flowers
29.5%
Stadium ArcadiumStorm in a Teacup
29.2%
I'm With YouFactory of Faith
28.4%
CalifornicationSavior
28.1%
Stadium ArcadiumWarlocks
28%
I'm With YouPolice Station
27.9%
Blood Sugar Sex MagikMy Lovely Man
27.8%
By the WayWarm Tape
27.7%
Stadium ArcadiumHard to Concentrate
27.7%
The Red Hot Chili PeppersPolice Helicopter
27.6%
By the WayMinor Thing
27.6%
Freaky StyleyCatholic School Girls Rule
27.1%
Freaky StyleyYertle the Turtle
26.7%
Mother's MilkFire
26.6%
The Red Hot Chili PeppersGet Up and Jump
26.4%
I'm With YouDance, Dance, Dance
26%
Mother's MilkMagic Johnson
26%
Blood Sugar Sex MagikThe Greeting Song
25.8%
Blood Sugar Sex MagikThe Righteous & the Wicked
25.2%
Stadium ArcadiumReadymade
25.1%
One Hot MinuteTearjerker
25%
Stadium ArcadiumAnimal Bar
24.8%
Mother's MilkSubway to Venus
24.7%
Mother's MilkJohnny, Kick a Hole in the Sky
24.7%
Stadium ArcadiumTorture Me
24.6%
Mother's MilkGood Time Boys
23.9%
Album Song % Correct
Freaky StyleyJungle Man
23.8%
Mother's MilkSexy Mexican Maid
23.6%
The Uplift Mofo Party PlanBehind the Sun
23.6%
I'm With YouAnnie Wants a Baby
23.1%
Stadium ArcadiumStrip My Mind
23.1%
Freaky StyleyHollywood (Africa)
22.9%
Stadium Arcadium21st Century
22.9%
Mother's MilkTaste the Pain
22.9%
I'm With YouEven You Brutus?
22.5%
Mother's MilkPretty Little Ditty
22.2%
One Hot MinuteWalkabout
22.2%
One Hot MinuteTranscending
22%
Stadium ArcadiumShe Looks to Me
22%
Stadium ArcadiumTurn It Again
21.9%
One Hot MinuteDeep Kick
20.9%
I'm With YouMeet Me at the Corner
20.4%
One Hot MinuteOne Big Mob
20.2%
The Red Hot Chili PeppersMommy, Where's Daddy?
19.9%
Freaky StyleySex Rap
19.7%
Stadium ArcadiumMake You Feel Better
19.6%
The Red Hot Chili PeppersGreen Heaven
19.5%
Stadium ArcadiumC'mon Girl
19.4%
One Hot MinuteShallow Be Thy Game
19.3%
Stadium ArcadiumWe Believe
18.7%
Stadium ArcadiumSo Much I
18.3%
Mother's MilkNobody Weird Like Me
18.2%
I'm With YouDid I Let You Know
18.2%
The Uplift Mofo Party PlanBackwoods
18%
Mother's MilkStone Cold Bush
17.5%
The Red Hot Chili PeppersBaby Appeal
17%
I'm With YouGoodbye Hooray
17%
The Uplift Mofo Party PlanFunky Crime
15.8%
Freaky StyleyIf You Want Me to Stay
15.6%
I'm With YouHappiness Loves Company
15.3%
Freaky StyleyThe Brothers Cup
15.3%
Freaky StyleyAmerican Ghost Dance
15.1%
One Hot MinuteFalling into Grace
14.6%
The Uplift Mofo Party PlanSkinny Sweaty Man
14.5%
The Red Hot Chili PeppersGrand Pappy du Plenty
14.4%
Mother's MilkPunk Rock Classic
14.4%
The Uplift Mofo Party PlanSpecial Secret Song Inside
14.2%
Freaky StyleyThirty Dirty Birds
14.1%
Freaky StyleyNevermind
14%
The Red Hot Chili PeppersBuckle Down
13.9%
The Uplift Mofo Party PlanOrganic Anti-Beat Box Band
13.2%
Freaky StyleyBlackeyed Blonde
13.1%
The Uplift Mofo Party PlanSubterranean Homesick Blues
12.1%
The Uplift Mofo Party PlanLove Trilogy
12%
The Red Hot Chili PeppersYou Always Sing the Same
11.6%
Freaky StyleyBattleship
10.9%
The Uplift Mofo Party PlanNo Chump Love Sucker
9.6%
Freaky StyleyLovin' and Touchin
9.1%
The Red Hot Chili PeppersWhy Don't You Love Me
9%
The Uplift Mofo Party PlanWalkin' on Down the Road
8.5%

You're not logged in!

Compare scores with friends on all Sporcle quizzes.
OR
Log In

Sporcle TV

Today on Sporcle TV


Watch our educational content, quiz creation guides, and fun videos on Sporcle TV.

Show Comments

Extras

Top Quizzes Today


Score Distribution

Your Account Isn't Verified!

In order to create a playlist on Sporcle, you need to verify the email address you used during registration. Go to your Sporcle Settings to finish the process.

Report this User

Report this user for behavior that violates our Community Guidelines.

Details: